[Event "Gold-Cup 2019"]
[Site "Meran"]
[Date "2019.04.08"]
[Round "2.7"]
[White "Stanislowski, Detlev"]
[Black "Degaudenz, Fabio"]
[Result "1-0"]
[WhiteElo "1936"]
[BlackElo "1535"]
[PlyCount "41"]

1. c4 g6 2. g3 Bg7 3. Bg2 e5 4. Nc3 d6 5. e3 Nc6 6. Nge2 Nge7 7. O-O f5 8. d4
 e4 9. a3 a5 10. Rb1 Rb8 11. b4 axb4 12. axb4 Bd7 13. Qb3 Qc8 14. Nf4 h5 15. h4
 Bf6 16. Ncd5 Nxd5 17. Nxd5 Bg7 18. Nf4 Ne7 19. Bb2 c6 20. Rfc1 Be6 21. d5 1-0

[Event "Gold-Cup 2019"]
[Site "Meran"]
[Date "2019.04.08"]
[Round "2.11"]
[White "Reinke, Kurt"]
[Black "Kristofic, Mario"]
[Result "0-1"]
[WhiteElo "1743"]
[BlackElo "1839"]
[PlyCount "104"]

1. d4 Nf6 2. g4 Nxg4 3. e4 d5 4. Be2 Nf6 5. e5 Nfd7 6. Nc3 e6 7. Nf3 c5 8. Be3
 Nc6 9. Nb5 cxd4 10. Bg5 Qb6 11. Nd6+ Bxd6 12. exd6 Qb4+ 13. Qd2 Qxb2 14. O-O
 Qc3 15. Qf4 f6 16. Bd3 Nde5 17. Nxe5 Nxe5 18. Bxf6 Nxd3 19. Qg5 Kd7 20. Qxg7+
 Kxd6 21. Qxh8 Nb4 22. Bxd4 Qf3 23. Qe5+ Kd7 24. Qg7+ Ke8 25. Qh8+ Kd7 26. Qxh7+
 Kd6 27. Qg7 Nc6 28. c3 Bd7 29. Qg3+ Qxg3+ 30. fxg3 e5 31. Be3 Rg8 32. Rf6+ Kc7
 33. Raf1 d4 34. cxd4 exd4 35. Bf4+ Kb6 36. Bd6 Bh3 37. Rb1+ Ka6 38. Rf7 Rd8 39.
Bf4 d3 40. Bd2 Ne5 41. Rf6+ b6 42. Rb4 Rc8 43. Ra4+ Kb7 44. Rh4 Bg4 45. Rh7+
 Ka6 46. Rf2 Rc2 47. Kg2 Be2 48. Re7 Rxd2 49. Rxe5 Rxa2 50. Rexe2 dxe2 51. Rxe2
 Rxe2+ 52. Kh3 b5 0-1

[Event "Gold-Cup 2019"]
[Site "Meran"]
[Date "2019.04.08"]
[Round "2.12"]
[White "Schuster, Herbert"]
[Black "Mahrla, Hans"]
[Result "1-0"]
[WhiteElo "1774"]
[BlackElo "1753"]
[PlyCount "101"]

1. e4 e6 2. Nf3 d5 3. e5 c5 4. Bb5+ Nc6 5. O-O Bd7 6. Bxc6 Bxc6 7. d4 a6 8. c3
 cxd4 9. Nxd4 Bd7 10. Be3 Ne7 11. Nd2 Rc8 12. Qg4 Ng6 13. f4 f5 14. Qh5 Qh4 15.
Qxh4 Nxh4 16. g3 Ng6 17. Kg2 Bc5 18. N2f3 O-O 19. Ng5 Bxd4 20. Bxd4 h6 21. Nf3
 Ne7 22. Rf2 Rc6 23. h4 Rfc8 24. b4 R8c7 25. Bc5 Rxc5 26. bxc5 Rxc5 27. Rc1 Nc6
 28. a3 Na5 29. Rb2 b5 30. Nd2 Bc6 31. Kf2 Nc4 32. Nxc4 Rxc4 33. Rb4 Rc5 34. Ke3
 a5 35. Kd4 Rc4+ 36. Rxc4 bxc4 37. Rb1 Kf7 38. Kc5 Bd7 39. Kd6 Bc8 40. Kc7 Ba6
 41. Kb6 Bc8 42. Kxa5 g5 43. hxg5 hxg5 44. Kb6 gxf4 45. gxf4 Kg6 46. Kc5 Kh5 47.
Rg1 Ba6 48. a4 Bc8 49. a5 Ba6 50. Kb6 Bc8 51. a6 1-0

[Event "Gold-Cup 2019"]
[Site "Meran"]
[Date "2019.04.08"]
[Round "1.2"]
[White "Kristofic, Mario"]
[Black "Wempe, Juergen"]
[Result "0-1"]
[WhiteElo "1839"]
[BlackElo "2154"]
[PlyCount "44"]

1. Nf3 Nf6 2. c4 e6 3. Nc3 d5 4. e3 Be7 5. d4 O-O 6. Qc2 Nc6 7. a3 Re8 8. b4
 Bf8 9. b5 Ne7 10. c5 Ng6 11. Bb2 e5 12. Be2 exd4 13. exd4 Nf4 14. O-O Ne4 15.
Bd1 Bf5 16. Qb3 Qd7 17. Rc1 Qe6 18. g3 Nh3+ 19. Kg2 Nhxf2 20. Rxf2 Bh3+ 21. Kg1
 Nxf2 22. Qxd5 Qe3 0-1

[Event "Gold-Cup 2019"]
[Site "Meran"]
[Date "2019.04.08"]
[Round "1.3"]
[White "Kargoll, Peter"]
[Black "Stummeyer, Dieter"]
[Result "1-0"]
[WhiteElo "2147"]
[BlackElo "1807"]
[PlyCount "101"]

1. d4 Nf6 2. Nf3 d5 3. c4 e6 4. Nc3 Be7 5. Bf4 c6 6. e3 Nbd7 7. Bd3 O-O 8. Qc2
 h6 9. h3 a6 10. a4 b6 11. O-O Bb7 12. Rfc1 c5 13. Qe2 Re8 14. b3 cxd4 15. exd4
 Nf8 16. cxd5 exd5 17. Ne5 Bd6 18. Qf3 Ne4 19. Nxf7 Qf6 20. Nxd6 Nxd6 21. Be5
 Qxf3 22. gxf3 Nf7 23. f4 Ne6 24. Ne2 g5 25. Bg6 gxf4 26. Bxf7+ Kxf7 27. Nxf4
 Rac8 28. Nd3 Ng5 29. f4 Ne4 30. Rxc8 Bxc8 31. Rc1 Bxh3 32. Rc7+ Re7 33. Rxe7+
 Kxe7 34. Nb4 Nc3 35. Nxa6 Bf5 36. Nb4 Kd7 37. Kf2 h5 38. Bf6 Ke6 39. Bg5 Ne4+
 40. Ke3 Nxg5 41. fxg5 h4 42. Kf4 h3 43. Kg3 Bg4 44. g6 h2 45. Kxh2 Bd1 46. Nxd5
 Bxb3 47. Nxb6 Kf6 48. a5 Kxg6 49. a6 Bc2 50. a7 Be4 51. d5 1-0